| 000 | 00915nam a2200277Ia 4500 | ||
|---|---|---|---|
| 003 | OSt | ||
| 005 | 20220926004637.0 | ||
| 006 | a|||||r|||| 00| 0 | ||
| 007 | ta | ||
| 008 | 220923b |||||||| |||| 00| 0 eng d | ||
| 020 |
_a9789353049370 _c500.00 |
||
| 037 |
_b52, 23/01/2019, CLASSIC BOOKS SERVICES _cGeneral Book |
||
| 040 |
_aRTL _cRTL _beng |
||
| 041 |
_2eng _aeng |
||
| 082 | _aX:77-75.231, Q8 | ||
| 100 |
_aBARU Sanjay _9309054 |
||
| 245 | 0 |
_aBombay plan _b Blueprint for economic resurgence. |
|
| 260 |
_a New Delhi _bRupa Publications _c2018 |
||
| 300 |
_axvii, 343p _ccm. |
||
| 490 | _aWorld Scientific series in R&D Management- Vol.1 | ||
| 500 | _aBibliography chapterwise | ||
| 650 | _aEconomics | ||
| 700 | _a DESAI Meghnad | ||
| 942 |
_hX:77-75.231, Q8 _cGB _2CC |
||
| 999 |
_c611860 _d611860 |
||